| Tag |
First Indicator |
Second Indicator |
Subfields |
| LEADER |
00000cam a2200000Ii 4500 |
| 001 |
in00003457613 |
| 005 |
20151206092836.0 |
| 008 |
130904t20142014caua b 001 0 eng d |
| 020 |
|
|
|a 9781446256060 (hbk.)
|
| 020 |
|
|
|a 1446256065 (hbk.)
|
| 020 |
|
|
|a 9781446256077 (pbk.)
|
| 020 |
|
|
|a 1446256073 (pbk.)
|
| 035 |
|
|
|a (OCoLC)ocn861318845
|
| 040 |
|
|
|a UKM
|e rda
|c UKM
|d CDX
|d YDX
|d BWK
|d BDX
|d KSU
|d UtOrBLW
|
| 049 |
|
|
|a TXAM
|
| 050 |
|
4 |
|a HD62
|b .P38 2014
|
| 082 |
0 |
|
|a 300.721
|2 23
|
| 100 |
1 |
|
|a Paulus, Trena M.,
|e author.
|
| 245 |
1 |
0 |
|a Digital tools for qualitative research /
|c Trena M. Paulus, Jessica N. Lester, Paul G. Dempster.
|
| 264 |
|
1 |
|a Los Angeles :
|b SAGE Publications,
|c [2014]
|
| 264 |
|
4 |
|c ©2014
|
| 300 |
|
|
|a 208 pages :
|b illustrations ;
|c 25 cm.
|
| 336 |
|
|
|a text
|b txt
|2 rdacontent
|
| 337 |
|
|
|a unmediated
|b n
|2 rdamedia
|
| 338 |
|
|
|a volume
|b nc
|2 rdacarrier
|
| 504 |
|
|
|a Includes bibliographical references and index.
|
| 505 |
0 |
|
|a Compagnon website -- 1. Why digital tools? -- 2. Engaging in reflexive practice and making ethical choices -- 3. Collaborating and managing projects -- 4. Reviewing the literature -- 5. Generating data -- 6. Transcribing audio and video data -- 7. Analysing textual data -- 8. Analysing image, audio and video data -- 9. Writing and representing findings -- 10. Looking to the future.
|
| 520 |
|
|
|a Digital Tools for Qualitative Research shows how the research process in its entirety can be supported by technology tools in ways that can save time and add robustness and depth to qualitative work. It addresses the use of a variety of tools (many of which may already be familiar to you) to support every phase of the research process, providing practical case studies taken from real world research.
|
| 650 |
|
0 |
|a Qualitative research
|x Data processing.
|
| 700 |
1 |
|
|a Lester, Jessica Nina,
|e author.
|
| 700 |
1 |
|
|a Dempster, Paul G.,
|e author.
|
| 945 |
|
|
|a PromptCat
|b 693250
|
| 946 |
|
|
|a stk
|
| 947 |
|
|
|a A14840688235
|
| 948 |
|
|
|a cataloged
|b h
|c 2014/4/15
|d c
|e dmitchel
|f 12:12:12 pm
|
| 994 |
|
|
|a 92
|b TXA
|
| 999 |
|
|
|a MARS
|
| 999 |
f |
f |
|s bbf1f115-6257-3dc1-9ead-9c88b25def2d
|i 210dfc49-8a4e-3232-9dc6-d7b69598d390
|t 0
|
| 952 |
f |
f |
|p normal
|a Texas A&M University
|b College Station
|c Sterling C. Evans Library
|d Evans: Library Stacks
|t 0
|e HD62 .P38 2014
|h Library of Congress classification
|i unmediated -- volume
|m A14840688235
|
| 998 |
f |
f |
|a HD62 .P38 2014
|t 0
|l Evans: Library Stacks
|